1439 1613 1839 1847 1472 1917 1858 1227 1750 1603 1542 1011 1026 1106 1086 1548 1618 1899 1722 1123 1967 1390 1448 1385 1809 1649 1744 1970 1238 1252 1799 1850 1962 1872 1493 1877 1035 1282 1885 1682 1656 1044 1991 1170 1089 1553 1222 1304 1150 1867 1171 1102 1010 1690 1052 1589 1702 1108 1647 1922 1702 1625 1878 1108 1105 1672 1718 1483 1158 1623 1545 1920 1845 1939 1307 1228 1334 1934 1782 1239 1015 1163 1685 1462 1820 1054 1297 1611 1001 1633 1409 1318 1714 1955 1293 1382 1105 1042 1191 BCNSPRNW ULIB Ver.6.0+V

เปลี่ยนเป็นภาษาไทย

Change to English
 แสดงรายละเอียดบรรณานุกรม
  กลับหน้าหลัก

Brief Record : Get Marc (ISO 2709) : E-mail record : QR code < ปิดหน้าต่าง
LEADER : 00000nam 2200000uu 4500
001    13399123278
003     ULIB
008    140813s2557||||th 000 0 tha d
060 04 ^aWT100^bก451
245 00 ^aการดูแลผู้สูงอายุแบบบูรณาการ /^cบรรณาธิการ, ทัศนีย์ ญาณะ
250    ^aพิมพ์ครั้งที่ 2
260    ^aนนทบุรี :^bสถาบันวิจัยและพัฒนาระบบสุขภาพชุมชน,^c2557
300    ^avii, 48 หน้า :^bภาพประกอบ ;^c21 ซม.
505 0  ^a^tทำไมต้องทำงานเรื่องผู้สูงอายุในชุมชน - -^tแนวทางการประเมินผู้สูงอายุในชุมชน - -^tการดูแลผู้สูงอายุแบบูรณาการ - -^tCheck list
650  7 ^aผู้สูงอายุ
650  7 ^aผู้สูงอายุ^xการดูแล
700 0  ^aทัศนีย์ ญาณะ,^eบรรณาธิการ
710 2  ^aสถาบันวิจัยและพัฒนาระบบสุขภาพชุมชน
945    ^p0^l0^i034582
999    ^aเกษร โพธิ์สุวรรณ
รายการนี้ยังไม่มีแท็ก
คุณยังไม่ได้ล็อกอิน คุณสามารถมีกิจกรรมร่วมกับเว็บไซต์ได้ แต่ต้องล็อกอินก่อน ::
  ล็อกอิน

รายการสื่อสารสนเทศ

ลำดับที่ ประเภท เลขเรียก/บาร์โค้ด สถานที่ สถานะ
1. วิทยาศาสตร์การแพทย์ และสุขภาพ
วิทยาศาสตร์การแพทย์ และสุขภาพ
WT100 ก451 ฉ.1 
  Barcode: 034582
ห้องสมุดวิทยาเขตสวรรค์ประชารักษ์
►หนังสือทั่วไป
ถูกยืม กำหนดส่งวันที่ 8 พฤษภาคม 2568
  จอง

รายการใกล้เคียง
    หัวเรื่อง [ผู้สูงอายุ]
    หัวเรื่อง [ผู้สูงอายุ การดูแล]

BibComment


ยังไม่เคยถูกคอมเมนท์

คอมเมนท์ทรัพยากรรายการนี้
  คอมเมนท์: การดูแลผู้สูงอาย..


 Copyright 2026. Bcnsprnw @Library